000 00790aam a2200277 4500
005 20260420173504.0
008 150618b2012 xxu||||| |||| 00| 0 spa d
041 _aESP
082 _a001.42 S347m3
100 _aSchmelkes, Corina
100 _aElizondo Schmelkes, Nora
245 _aManual para la presentación de anteproyectos e informes de investigación (tesis)
250 _a3 edición
260 _aMéxico
260 _bOxford
260 _c2012
300 _a268 páginas
490 _aTemática General
650 _aMÉTODOS DE INVESTIGACIÓN
650 _aINVESTIGACIÓN
650 _aMETODOLOGÍA
650 _aPLANEACIÓN DE ANTEPROYECTO
650 _aFORMATO DEL ANTEPROYECTO
650 _aDEFINICIÓN DEL PROBLEMA
942 _cBK
_2ddc
999 _c3049
_d3049